Sports Quiz

Random Sports Quiz

2013 AFL Coleman Medal Top 52 Quiz Stats

 Plays Quiz not verified by Sporcle

Challenge
Share
Tweet
Embed
Score 0/52 Timer 10:00
0 Plays Today
Goals Scored Player % Correct
57Jack Riewoldt
97.8%
50Nick Riewoldt
97.8%
66Travis Cloke
97.3%
58Lance Franklin
97.3%
68Jarryd Roughead
96.9%
62Jeremy Cameron
96.9%
60Josh Kennedy
96.5%
48Drew Petrie
95.6%
46Tom Hawkins
95.1%
53Lindsay Thomas
91.6%
42Jack Darling
86.3%
44Jay Schulz
83.6%
28Gary Ablett
83.2%
35Jack Gunston
81.4%
41Jeff Garlett
79.2%
40Chad Wingard
78.8%
30Mark LeCras
78.8%
32Hayden Ballantyne
76.1%
37Luke Breust
75.2%
33Kurt Tippett
75.2%
40Michael Walters
74.3%
28Jonathan Brown
74.3%
35Chris Mayne
67.3%
33Tom Lynch
67.3%
30Stewart Crameri
66.8%
39Steven Motlop
63.3%
Goals Scored Player % Correct
27Justin Westhoff
62.8%
31Patrick Dangerfield
61.5%
33Aaron Black
59.7%
30James Podsiadly
59.3%
37Angus Monfries
58.4%
28Stephen Milne
58%
25Ben Reid
56.6%
24Michael Hurley
55.8%
28Joel Selwood
52.2%
28Josh Hill
51.3%
36Daniel Giansiracusa
50.9%
30Jamie Elliott
46.5%
26Lachlan Henderson
45.6%
25Tyrone Vickery
45.1%
24Josh Jenkins
41.6%
26Chris Yarran
40.7%
29Ben McGlynn
33.2%
28Jeremy Howe
33.2%
28Tom Bellchambers
31.4%
25Daniel Wells
29.6%
24Josh Green
28.8%
28Luke Dahlhaus
26.5%
24Aaron Hall
26.5%
26Dayne Zorko
25.7%
26Mike Pyke
21.7%
27Jude Bolton
20.8%

You're not logged in!

Compare scores with friends on all Sporcle quizzes.
OR
Log In

You Might Also Like...

Show Comments

Extras

Created Sep 1, 2013ReportNominate
Tags:2013, afl, coleman, medal

Top Quizzes Today


Score Distribution

Your Account Isn't Verified!

In order to create a playlist on Sporcle, you need to verify the email address you used during registration. Go to your Sporcle Settings to finish the process.

Report this User

Report this user for behavior that violates our Community Guidelines.

Details: